[Event "Titled Tuesday intern op 20th July"]
[Site "Chess.com INT"]
[Date "2021.07.20"]
[Round "1"]
[White "Damjanovic, Vladimir"]
[Black "Zhigalko, Sergei"]
[Result "0-1"]
[WhiteElo "2393"]
[BlackElo "2572"]
[PlyCount "98"]
[EventDate "2021.07.20"]
[EventType "swiss (blitz)"]
[EventRounds "11"]
[EventCountry "USA"]
[SourceTitle "CBM 203 Extra"]
[Source "ChessBase"]
[SourceDate "2021.09.30"]
[SourceVersion "1"]
[SourceVersionDate "2021.09.30"]
[SourceQuality "1"]

1. d4 Nf6 2. Nc3 d5 3. Bf4 a6 4. e3 b5 5. Bd3 Bb7 6. Nf3 e6 7. 0-0 c5 8. dxc5 Bxc5 9. Ne5 0-0 10. Ne2 Nc6 11. Nxc6 Bxc6 12. Nd4 Bb7 13. Nf3 Qe7 14. Bg5 h6 15. Bh4 e5 16. Be2 Qe6 17. c3 Rfe8 18. a4 b4 19. cxb4 Bxb4 20. Qb3 a5 21. Bb5 Rec8 22. Rac1 Ne4 23. Bg3 f6 24. Rfd1 Rxc1 25. Rxc1 Rc8 26. Qd1 Rxc1 27. Qxc1 Qc8 28. Qxc8+ Bxc8 29. Kf1 g5 30. Ne1 Kf7 31. Nd3 Bd6 32. Ke2 h5 33. f3 Nxg3+ 34. hxg3 e4 35. fxe4 dxe4 36. Nf2 f5 37. Nh1 Be6 38. Kd2 Be5 39. Kc2 Ke7 40. Be2 Bf7 41. b3 Kd6 42. Bc4 Bxc4 43. bxc4 Kc5 44. Kb3 g4 45. Nf2 Bxg3 46. Nh1 Be5 47. g3 Bb8 48. Kc3 Bc7 49. Kc2 Kxc4 0-1

[Event "Titled Tuesday intern op 20th July"]
[Site "Chess.com INT"]
[Date "2021.07.20"]
[Round "10"]
[White "Song, Michael"]
[Black "Damjanovic, Vladimir"]
[Result "1-0"]
[WhiteElo "2421"]
[BlackElo "2393"]
[PlyCount "75"]
[EventDate "2021.07.20"]
[EventType "swiss (blitz)"]
[EventRounds "11"]
[EventCountry "USA"]
[SourceTitle "CBM 203 Extra"]
[Source "ChessBase"]
[SourceDate "2021.09.30"]
[SourceVersion "1"]
[SourceVersionDate "2021.09.30"]
[SourceQuality "1"]

1. d4 Nf6 2. Bg5 e6 3. Nd2 c5 4. dxc5 Bxc5 5. e3 d5 6. Ngf3 h6 7. Bh4 Nc6 8. Bd3 0-0 9. a3 Be7 10. 0-0 e5 11. e4 Bg4 12. h3 Bh5 13. Bxf6 Bxf6 14. Qe1 Bg6 15. Qe2 d4 16. Bc4 Qb6 17. b4 Rac8 18. Ne1 a5 19. b5 Na7 20. a4 Rc7 21. Bb3 Rfc8 22. Nd3 Qd6 23. Rae1 Rc3 24. f4 R8c7 25. fxe5 Bxe5 26. b6 Bh2+ 27. Kh1 Qxb6 28. Kxh2 Nc8 29. Nf4 Ne7 30. Nxg6 Nxg6 31. e5 Re7 32. Nf3 Qc7 33. Qe4 Nxe5 34. Nxe5 Re3 35. Rxe3 dxe3 36. Rxf7 Qxe5+ 37. Qxe5 Rxe5 38. Re7+ 1-0

[Event "Titled Tuesday intern op 13th July"]
[Site "Chess.com INT"]
[Date "2021.07.13"]
[Round "2"]
[White "Belyakov, Bogdan"]
[Black "Damjanovic, Vladimir"]
[Result "0-1"]
[WhiteElo "2465"]
[BlackElo "2393"]
[PlyCount "84"]
[EventDate "2021.07.13"]
[EventType "swiss (blitz)"]
[EventRounds "11"]
[EventCountry "USA"]
[SourceTitle "CBM 203 Extra"]
[Source "ChessBase"]
[SourceDate "2021.09.30"]
[SourceVersion "1"]
[SourceVersionDate "2021.09.30"]
[SourceQuality "1"]

1. e4 c5 2. c3 Nf6 3. e5 Nd5 4. d4 cxd4 5. cxd4 d6 6. Nf3 Nc6 7. Bc4 Nb6 8. Bb5 dxe5 9. Nxe5 Bd7 10. Nxd7 Qxd7 11. Nc3 e6 12. 0-0 a6 13. Bxc6 Qxc6 14. Re1 Bb4 15. Qg4 Kf8 16. Bd2 h5 17. Qe2 Bxc3 18. Bxc3 Nd5 19. Rac1 Qd6 20. Bd2 g6 21. Rc5 b6 22. Rc4 Kg7 23. Rec1 Qd7 24. Qe5+ f6 25. Rc7 Nxc7 26. Rxc7 fxe5 27. Rxd7+ Kf6 28. dxe5+ Kf5 29. Bc3 Rad8 30. Rf7+ Ke4 31. f3+ Ke3 32. h4 Rd1+ 33. Kh2 Kf2 34. Rg7 Rhd8 35. Rxg6 Rb1 36. Rg5 Rdd1 37. Bd4+ Rxd4 38. Rxh5 Rdd1 39. Kh3 Rg1 40. Kg4 Rxg2+ 41. Kf4 Rxb2 42. Rh6 Rb4# 0-1